|
|
|
|
| LEADER |
00000nab a2200000 a 4500 |
| 001 |
vtls000168215 |
| 003 |
SK-MaSNL |
| 005 |
20260303222115.0 |
| 008 |
160215c1983 xo 0 slo |
| 015 |
|
|
|a SNBRB19rr/mm-uuuuu
|
| 035 |
|
|
|a CL0178326
|
| 040 |
|
|
|a SNKBUCL
|b slo
|c SNKBUCL
|e AACR2
|
| 041 |
0 |
|
|a slo
|
| 044 |
|
|
|a xo
|c SK
|
| 080 |
|
|
|a 82.09:885.4-1(048)
|2 1981
|
| 080 |
|
|
|a 885.4-1(048)
|2 1981
|
| 100 |
0 |
|
|a -mš-
|4 aut
|9 853689
|
| 245 |
1 |
0 |
|a Hugolín Gavlovič: Valaská škola
|c -mš-
|
| 500 |
|
|
|a V rubrike Nové knihy
|
| 650 |
0 |
7 |
|a slovenská poézia
|2 snkbucl
|9 215422
|
| 650 |
0 |
7 |
|a didaktická poézia
|2 snkbucl
|9 1253294
|
| 655 |
|
7 |
|a recenzie
|2 snkbucl
|9 21907
|
| 655 |
|
7 |
|a články z odboru literárna veda a krásna literatúra
|2 snkbucl
|9 770045
|
| 655 |
|
7 |
|a články z novín a časopisov
|2 snkbucl
|9 267496
|
| 773 |
0 |
|
|t Osvetová práca
|g Roč. 33, č. 13 (1983), s. 47
|
| 787 |
0 |
8 |
|i Rec.:
|a Gavlovič, Hugolín
|t Valaská škola
|d Bratislava : Tatran, 1982
|
| 850 |
|
|
|a Slovenská národná knižnica v Martine
|a MTA001
|
| 852 |
|
|
|a SNK
|b KIS3GCP
|
| 958 |
|
|
|a BX
|
| 958 |
|
|
|a RK
|
| 958 |
|
|
|a LX
|
| 992 |
|
|
|a RBX
|
| 999 |
|
|
|c 2238321
|d 2240251
|